000 00723nam a2200205Ia 4500
001 15004
003 GE_BSU
008 181216s||||||||xx |||||||||||||| ||und||
040 _cGE_BSU
080 _a821.353.1-32
100 _aქიაჩელი,ლეო
245 _aმოთხრობები: მამა და შვილი. და-ძმა. კრეისერი ”შმიდტი”
260 _aთბილისი
260 _bსახელგამი
260 _c1943
300 _a72გვ.21სმ.
653 _aმამა და შვილი. და ძმა. კრეისერი ”შმიდტი”
653 _aმოთხრობები
942 _cBK
999 _c48123
_d48123